Państwa Indochin - Statystyki

Ogólne statystyki
  • Ten quiz został rozwiązany 130 razy
  • Średni wynik to 6 z 6
Statystyki odpowiedzi
Państwo % Poprawnych
Wietnam
100%
Kambodża
96%
Laos
96%
Tajlandia
94%
Mjanma
88%
Malezja
76%
Nie znaleziono quizów pasujących do podanych kryteriów
Rozkład punktacji
Procent ludzi z każdym wynikiem
Percentyl według liczby udzielonych odpowiedzi
Twoja historia wyników
Nie rozwiązałeś tego quizu